Методы и оборудование для формирования гибридных биологически совместимых покрытий на имплантатах для хирургии: диссертация на соискание ученой степени кандидата технических наук; спец. 05.11.17; спец. 05.17.11

Detaylı Bibliyografya
Yazar: Шестериков Е. В. Евгений Викторович
Müşterek Yazar: Национальный исследовательский Томский политехнический университет (ТПУ)
Diğer Yazarlar: Твердохлебов С. И. Сергей Иванович (научный руководитель)
Özet:Защищена 28.12.2012 г.
Dil:Rusça
Baskı/Yayın Bilgisi: Томск, 2012
Konular:
Materyal Türü: Kitap
KOHA link:https://koha.lib.tpu.ru/cgi-bin/koha/opac-detail.pl?biblionumber=229585

MARC

LEADER 00000nbm0a2200000 4500
001 229585
005 20231226102632.0
035 |a (RuTPU)RU\TPU\book\250211 
035 |a RU\TPU\book\250210 
090 |a 229585 
100 |a 20130114j20121228k y0rusy50 ca 
101 0 |a rus 
102 |a RU 
105 |a a m 001zy 
200 1 |a Методы и оборудование для формирования гибридных биологически совместимых покрытий на имплантатах для хирургии  |e диссертация на соискание ученой степени кандидата технических наук  |e спец. 05.11.17  |e спец. 05.17.11  |f Е. В. Шестериков  |g Национальный исследовательский Томский политехнический университет (ТПУ) ; науч. рук. С. И. Твердохлебов 
210 |a Томск  |d 2012 
215 |a 189 л..  |c ил. 
300 |a Защищена 28.12.2012 г. 
320 |a Библиогр.: с. 128-149 (319 назв.). 
320 |a Условные обозначения: с. 5. 
452 1 |0 (RuTPU)RU\TPU\book\344248  |t Методы и оборудование для формирования гибридных биологически совместимых покрытий на имплантатах для хирургии  |o диссертация на соискание ученой степени кандидата технических наук  |o спец. 05.11.17  |o спец. 05.17.11  |f Е. В. Шестериков  |g Национальный исследовательский Томский политехнический университет (ТПУ) ; науч. рук. С. И. Твердохлебов  |c Томск  |d 2012  |a Шестериков, Евгений Викторович 
606 1 |a Имплантаты  |2 stltpush  |3 (RuTPU)RU\TPU\subj\71629  |9 85445 
606 1 |a Биопокрытия композиционные  |x Получение  |x Нанесение  |2 stltpush  |3 (RuTPU)RU\TPU\subj\69668  |9 84395 
610 1 |a биологическая совместимость 
610 1 |a биоматериалы 
610 1 |a эволюция 
610 1 |a биологически активные материалы 
610 1 |a биологически инертные материалы 
610 1 |a кальций-фосфатные покрытия 
610 1 |a формирование 
610 1 |a физико-химические свойства 
610 1 |a механические свойства 
610 1 |a трибологические свойства 
610 1 |a покрытия 
610 1 |a медико-биологические исследования 
610 1 |a гибридные покрытия 
610 1 |a магнетроны 
610 1 |a диссертации 
610 1 |a труды учёных ТПУ 
675 |a 615.4(04)  |v 3 
675 |a 621.793(04)  |v 3 
686 |a 05.11.17  |2 oksvnk 
686 |a 05.17.11  |2 oksvnk 
700 1 |a Шестериков  |b Е. В.  |c физик  |c научный сотрудник Физико-технического института Томского политехнического университета  |f 1979-  |g Евгений Викторович  |3 (RuTPU)RU\TPU\pers\29431 
702 1 |a Твердохлебов  |b С. И.  |c физик  |c доцент Томского политехнического университета, кандидат физико-математических наук  |f 1961-  |g Сергей Иванович  |3 (RuTPU)RU\TPU\pers\27873  |4 727  |9 12889 
712 0 2 |a Национальный исследовательский Томский политехнический университет (ТПУ)  |c (2009- )  |3 (RuTPU)RU\TPU\col\15902 
801 1 |a RU  |b 63413507  |c 20130114 
801 2 |a RU  |b 63413507  |c 20160504  |g RCR 
942 |c BK